Countries of the world by picture - P , Q and R - Statistics

General Stats
  • This quiz has been taken 12 times
  • The average score is 9 of 13
Answer Stats
Picture Answer % Correct
Russia
100%
Romania
92%
Papua New Guinea
75%
Peru
75%
Poland
75%
Portugal
75%
Rwanda
75%
Panama
67%
Philippines
67%
Qatar
67%
Pakistan
58%
Paraguay
58%
Palau
42%
No matching quizzes found
Score Distribution
Percent of People with Each Score
Percentile by Number Answered
Your Score History
You have not taken this quiz